=LDR 00000nam 2200000 4500 =001 INLIS000000000012748 =005 20130612104235 =008 ***********************************Ind** =035 ##$$0010-061300000012748 =041 ##$$a Ind =082 ##$$a 614.1 =090 ##$$a 614.1, Ker s =100 ##$$a Kerbala, Husain =245 ##$$a Segi-segi etis yuridis Infaruwed Ceresent, Husain kerbala =260 ##$$a 93 $b Jakarta =300 ##$$a 484 hlm., 21 cm =650 ##$$a Yurispondensi Kedokteran =850 ##$$a NBPNMAT =990 ##$$a 3625736257 =990 ##$$a 01201436257 =990 ##$$a 117.887/Pro-97